assassins creed quiz - Statistics

General Stats
  • This quiz has been taken 30 times
  • The average score is 5 of 9
Answer Stats
Hint Answer % Correct
who was the native american assassin connor kenway
75%
who betrayed the brotherhood shay cormac
70%
who is desmonds father william miles
70%
who betrayed the mc of ac valhalla basim/loki
60%
who is the mc of ac valhallas brother sigurd/tyr
60%
who was the mc in ac 1 altair ibn la ahad
55%
who was the mc in origins bayek of siwa
50%
name anyone anyone
30%
who tried to kill kjotve the cruel haytham
15%
No matching quizzes found
Score Distribution
Percent of People with Each Score
Percentile by Number Answered
Your Score History
You have not taken this quiz